000 00421nam a2200169Ia 4500
008 230524s9999 xx 000 0 und d
082 _a5.74
_bOZS
100 _aM.Tamer Ozsu
245 0 _aPrinciples of Distributed Database Systems
250 _a2ND
260 _aNEW DELHI
_bPearson
_c2005
300 _aXXI;666
500 _aQuantity Number: 5
650 _aComp-Sc
700 _a Patrick Valduriez
942 _cBK
999 _c20778
_d20778